Polskie piosenki po fragmencie - Statystyki

Ogólne statystyki
  • Ten quiz został rozwiązany 649 razy
  • Średni wynik to 5 z 14
Statystyki odpowiedzi
Fragment Piosenka % Poprawnych
"Zamykam oczy, byłeś uroczy Będę udawać, że już nie boli Szampan wylewa się, toast mogę wznieść A ten gość mówi coś, o co mu chodzi?" Szampan (Sanah)
81%
"Boli mnie głowa i nie mogę spać, chociaż dokoła wszyscy już posnęli" Ostatnia nocka (Maciej Maleńczuk)
73%
"Dzień dobry, kocham cię Już posmarowałem tobą chleb" Dzień Dobry, kocham Cię (Strachy na Lachy)
69%
"Miłość to żaden film w żadnym kinie ani róże ani całusy małe, duże. Ale miłość - kiedy jedno spada w dół, drugie ciągnie je ku górze." Zanim pójdę (Happysad)
59%
"Jedna flaszka, druga flaszka i też trzecia, kurde bele, leci Dom stoi zupełnie pusty nocą kurzą się dookoła rupiecie" Gdy nie ma dzieci (Kult)
44%
"Jak para zmieniam stan Unoszę się do chmur Spadam kulami gradu Topnieję u twych stóp" Trójkąty i Kwadraty (Dawid Podsiadło)
42%
"Czym ta ziemia? To mój zamek z piachu Czym zdobyta? Propagandą strachu Czy ją kochasz? Bardzo, mówię szczerze A w co wierzysz? W nic nie wierzę!" Polskie Tango (Taco Hemingway)
31%
"Dziś późno pójdę spać Gdy wszyscy będą w łóżkach Otwarte oczy mam A głowa pełna i pusta" Dziś późno pójdę spać (Kwiat Jabłoni)
29%
"Zawiozę do szkoły, każde z naszych dwudziestu pięciu dzieci i mowy nie ma, żebyś musiała wstać." Dom (Bitamina)
23%
"Tak mi się nie chce tak bardzo nie chce lecz kiedyś jeszcze będę seksi" Tak mi się nie chce (Mikromusic)
23%
"Głupi ja, głupi ja, jej chłop Niegłupia ona, nie, niegłupia, diabli miot, niegłupia Ojciec dał pieniędzy, dał, co miał Pomiędzy niebem, piekłem, ziemią ojciec dał" Głupi Ja (Organek)
13%
"To miasto wielu pereł, ale większość jest na export Ja jestem jedną z nich i mój brat też jest tą jedną Zawsze byłem sobą i zostanę już na pewno Nigdy nie mów, którą mam iść ścieżką" Artysta z ASP (Kacperczyk)
12%
"Trzymam klucz do sekretnych drzwi, Ciemne korytarze, wszędzie lustra i dym." Kurier (Krzysztof Zalewski)
7%
"Nie każ walczyć, nie każ ginąć, nie chciej Polsko mojej krwi Tylko nie każ mi wybierać tylko nie każ, nie każ mi, nie każ walczyć, nie każ ginąć Nie chciej Polsko mojej krwi" Sorry Polsko (Maria Peszek)
5%
Nie znaleziono quizów pasujących do podanych kryteriów
Rozkład punktacji
Procent ludzi z każdym wynikiem
Percentyl według liczby udzielonych odpowiedzi
Twoja historia wyników
Nie rozwiązałeś tego quizu